Research design: qualitative, quantitative, and mixed method approaches (Record no. 7130)
[ view plain ]
| 000 -LEADER | |
|---|---|
| fixed length control field | 00964 a2200217 4500 |
| 020 ## - INTERNATIONAL STANDARD BOOK NUMBER | |
| International Standard Book Number | 0761924418 |
| 020 ## - INTERNATIONAL STANDARD BOOK NUMBER | |
| International Standard Book Number | 0761924426 |
| 040 ## - CATALOGING SOURCE | |
| Original cataloging agency | DLC |
| Language of cataloging | DLC |
| 082 00 - DEWEY DECIMAL CLASSIFICATION NUMBER | |
| Classification number | 300.72 |
| 100 1# - MAIN ENTRY--PERSONAL NAME | |
| Personal name | Creswell, John W. |
| 245 10 - TITLE STATEMENT | |
| Title | Research design: qualitative, quantitative, and mixed method approaches |
| Remainder of title | qualitative, quantitative, and mixed method approaches |
| Statement of responsibility, etc. | John W. Creswell. |
| 250 ## - EDITION STATEMENT | |
| Edition statement | 2nd ed. |
| 260 ## - PUBLICATION, DISTRIBUTION, ETC. | |
| Place of publication, distribution, etc. | Thousand Oaks, Calif. : |
| Name of publisher, distributor, etc. | Sage Publications, |
| Date of publication, distribution, etc. | c2003. |
| 300 ## - PHYSICAL DESCRIPTION | |
| Extent | xxvi, 246 p. : |
| Other physical details | ill. ; |
| Dimensions | 25 cm. |
| 650 #0 - SUBJECT ADDED ENTRY--TOPICAL TERM | |
| Topical term or geographic name entry element | Social sciences |
| General subdivision | Research |
| -- | Methodology. |
| 650 #0 - SUBJECT ADDED ENTRY--TOPICAL TERM | |
| Topical term or geographic name entry element | Social sciences |
| General subdivision | Statistical methods. |
| 856 41 - ELECTRONIC LOCATION AND ACCESS | |
| Materials specified | Table of contents only |
| Uniform Resource Identifier | <a href="http://www.loc.gov/catdir/enhancements/fy0658/2002005575-t.html">http://www.loc.gov/catdir/enhancements/fy0658/2002005575-t.html</a> |
| 856 41 - ELECTRONIC LOCATION AND ACCESS | |
| Materials specified | Publisher description |
| Uniform Resource Identifier | <a href="http://www.loc.gov/catdir/enhancements/fy0658/2002005575-d.html">http://www.loc.gov/catdir/enhancements/fy0658/2002005575-d.html</a> |
| 856 41 - ELECTRONIC LOCATION AND ACCESS | |
| Materials specified | Contributor biographical information |
| Uniform Resource Identifier | <a href="http://www.loc.gov/catdir/enhancements/fy0734/2002005575-b.html">http://www.loc.gov/catdir/enhancements/fy0734/2002005575-b.html</a> |
| 942 ## - ADDED ENTRY ELEMENTS (KOHA) | |
| Koha item type | Book |
| Call number prefix | 300.72 CRE |
| Source of classification or shelving scheme | |
| Withdrawn status | Lost status | Damaged status | Not for loan | Collection code | Permanent Location | Current Location | Shelving location | Date acquired | Source of acquisition | Cost, normal purchase price | Total Checkouts | Total Renewals | Full call number | Barcode | Date last seen | Date last checked out | Price effective from | Koha item type |
|---|---|---|---|---|---|---|---|---|---|---|---|---|---|---|---|---|---|---|
| Central Library (CL) | Central Library (CL) | General Stacks | 08/29/2005 | Academic Book company | 2428.76 | 8 | 1 | 300.72 CRE | SEECS006373 | 02/19/2025 | 05/11/2024 | 01/05/2017 | Book |
